| 000 | 01269cam a2200301 a 4500 | ||
|---|---|---|---|
| 001 | 15378134 | ||
| 003 | PILC | ||
| 005 | 20151005121727.0 | ||
| 008 | 080723s2010 paua 000 0 eng | ||
| 010 | _a 2008032360 | ||
| 020 | _a9781605470030 (alk. paper) | ||
| 020 | _a1605470031 (alk. paper) | ||
| 035 | _a(OCoLC)ocn236117378 | ||
| 035 | _a(OCoLC)236117378 | ||
| 040 |
_aDLC _cDLC _dYDX _dBAKER _dYDXCP _dDLC |
||
| 050 | 1 | 0 |
_aRT8 4 _b.C37 2010 |
| 082 | 0 | 0 | _a610.7306/98 |
| 100 | 1 | _aCarter, Pamela J. | |
| 245 | 1 | 0 |
_aLippincott's essentials for nursing assistants : _cPamela J. Carter. _ba humanistic approach to caregiving / |
| 260 |
_aPhiladelphia : _bWolters Kluwer/Lippincott Williams & Wilkins, _c2010. |
||
| 300 |
_avii, 315 pages : _billustrations ; _c28 cm. + _e1 CD. |
||
| 650 | 0 |
_aNurses' aides _vProblems, exercises, etc. |
|
| 700 | 1 |
_aCarter, Pamela J. _tLippincott's essentials for nursing assistants. |
|
| 856 | 4 | 1 |
_3Table of contents only _uhttp://www.loc.gov/catdir/toc/ecip0824/2008032360.html |
| 906 |
_a7 _bcbc _corignew _d1 _eecip _f20 _gy-gencatlg |
||
| 942 |
_2lcc _cBK _kFOR |
||
| 999 |
_c288805 _d288805 |
||